[Event "Prague spring tournament"]
[Site "SchemingMind.com"]
[Date "2008.08.07"]
[Round "-"]
[White "Archon"]
[Black "lemmie"]
[Result "1-0"]
[WhiteCountry "CAN"]
[BlackCountry "NED"]
[WhiteElo "1736"]
[WhiteRD "54"]
[BlackElo "1744"]
[BlackRD "47"]
[GameID "166328"]

1. d4 d5 2. c4 e6 3. Nc3 c5 4. cxd5 exd5 5. Nf3 Nc6 6. g3 Nf6 7. Bg2 Be7 8. O-O O-O 9. Be3 cxd4 10. Nxd4 Nxd4
11. Bxd4 Be6 12. Bxf6 Bxf6 13. Nxd5 Bxd5 14. Qxd5 Rb8 15. Qb3 Qd2 16. Qd1 Qxb2 17. Rb1 Qxa2 18. Rxb7 a5 19. Ra7 Rb4 20. Bd5 Qa3
21. Qc2 Rb2 22. Qc7 Rxe2 23. Qxa5 Qb2 24. Bxf7+ Rxf7 25. Ra8+ Rf8 26. Qd5+
1-0

[Event "Prague spring tournament"]
[Site "SchemingMind.com"]
[Date "2008.08.07"]
[Round "-"]
[White "lemmie"]
[Black "Archon"]
[Result "1/2-1/2"]
[WhiteCountry "NED"]
[BlackCountry "CAN"]
[WhiteElo "1728"]
[WhiteRD "48"]
[BlackElo "1740"]
[BlackRD "56"]
[GameID "166337"]

1. d4 d5 2. c4 e6 3. Nc3 c5 4. cxd5 exd5 5. Nf3 Nc6 6. g3 Nf6 7. Bg2 Be7 8. O-O O-O 9. Bg5 Be6 10. dxc5 Bxc5
11. e3 h6 12. Bxf6 Qxf6 13. a3 a5 14. Qd3 d4 15. exd4 Nxd4 16. Nxd4 Qxd4 17. Qxd4 Bxd4 18. Nb5 Bxb2 19. Rab1 Bf6 20. Bxb7 Rab8
21. Nc7 Bf5 22. Rb5 Bh3 23. Bg2 Bxg2 24. Kxg2 Rfc8 25. Rxb8 Rxb8 26. Rd1 Rb3 27. Nd5 Bd8 28. Ra1 Rd3 29. Ne3 Bf6 30. Ra2 a4
31. Nc4 Be7 32. Nb6 Rxa3= 33. Rxa3 Bxa3 34. Nxa4 Kf8 35. Nc3 Ke8 36. Nd5 Kd7 37. Nb6+ Ke8 38. Nc4 Bc5 39. f3 Bb4 40. g4 Kf8
41. h4 Kg8 42. Ne5 Ba3 43. Nd7 Bb2 44. f4 Ba3 45. Kf3 Bb4 46. h5 Bd6 47. Ke4 Ba3 48. f5 Bc1 49. Nb6 Bg5 50. Ke5 Bf6+
51. Ke4 Bg5 52. Nd7 Bc1 53. f6 gxf6 54. Nxf6+ Kg7 55. Kf5 Bb2 56. Ne4 Ba1 57. Nd6 Bb2 58. Ne8+= Kf8 59. Nd6 Kg7 60. g5=
1/2-1/2

[Event "Prague spring tournament"]
[Site "SchemingMind.com"]
[Date "2008.08.23"]
[Round "-"]
[White "Clive Everill"]
[Black "nomuffyet"]
[Result "0-1"]
[WhiteCountry "CZE"]
[BlackCountry "SWE"]
[WhiteElo "1686"]
[WhiteRD "47"]
[BlackElo "1330"]
[BlackRD "88"]
[GameID "168308"]

1. d4 d5 2. c4 e6 3. Nc3 c5 4. cxd5 exd5 5. Nf3 Nc6 6. g3 Nf6 7. Bg2 Be7 8. O-O O-O 9. Re1 c4 10. Bg5 Ne4
11. Bxe7 Qxe7 12. Nxd5 Qd6 13. Ne3 Rd8 14. Nc2 b5 15. e3 Bg4 16. Qb1 Bxf3 17. Bxf3 Ng5 18. Bg2 h6 19. f4 Nh7 20. d5 Nb4
21. Nxb4 Qxb4 22. a3 Qc5 23. Be4 Nf6 24. Kg2 Nxe4 25. Qxe4 Qxd5 26. Qxd5 Rxd5 27. Rad1 Rxd1 28. Rxd1 Rc8 29. Rd7 a5 30. Rb7 c3
31. bxc3 Rxc3 32. Rxb5 Rxa3 33. Kf3 a4 34. Ra5 Kf8 35. Ke4 Ke7 36. Kd4 g6 37. h4 f5 38. h5 Kf6 39. hxg6 Kxg6 40. Ra6+ Kh5
41. Ke5 Kg4 42. Rxh6 Rxe3+ 43. Kd4 Rxg3 44. Ra6 Ra3 45. Kc4 Kxf4 46. Kb5 Kg4 47. Rg6+ Kf4 48. Kb4 Ra1 49. Rh6 Kg5 50. Rh2 f4
51. Rg2+ Kh4 52. Kc3 f3 53. Rd2 Kg3 54. Kb2 Rh1 55. Ka3 Rh4 56. Rd3 Kg2
0-1

[Event "Prague spring tournament"]
[Site "SchemingMind.com"]
[Date "2008.08.23"]
[Round "-"]
[White "nomuffyet"]
[Black "Clive Everill"]
[Result "0-1"]
[WhiteCountry "SWE"]
[BlackCountry "CZE"]
[WhiteElo "1396"]
[WhiteRD "149"]
[BlackElo "1719"]
[BlackRD "48"]
[GameID "168315"]

1. d4 d5 2. c4 e6 3. Nc3 c5 4. cxd5 exd5 5. Nf3 Nc6 6. g3 Nf6 7. Bg2 Be7 8. O-O O-O 9. Ne5 Nxd4 10. Bg5 Be6
11. e3 Nf5 12. Bxf6 Bxf6 13. Ng4 Be7 14. Nxd5 Bd6 15. Be4 Ne7 16. Rc1 Bxg3 17. fxg3 Nxd5 18. Rxc5 Bxg4 19. Qxd5 Qb6 20. h3 Be6
21. Qh5 g6 22. Qe5 Bxh3 23. Rfc1 Rae8 24. Qd4 Rd8 25. Qc3 Qd6 26. Kh2 Be6 27. a3 Qd2+ 28. Kg1 Qxc3 29. R5xc3 b6 30. Bf3 Rd2
31. b4 a5 32. bxa5 bxa5 33. Bc6 Rfd8 34. Kf1 Bh3+ 35. Ke1 Rh2 36. Rc5 Rdd2 37. Bb5 Rdg2
0-1

[Event "Prague spring tournament"]
[Site "SchemingMind.com"]
[Date "2008.09.08"]
[Round "-"]
[White "Jochen"]
[Black "lame wolf"]
[Result "0-1"]
[WhiteCountry "GBR"]
[BlackCountry "INT"]
[WhiteElo "1102"]
[WhiteRD "70"]
[BlackElo "1006"]
[BlackRD "50"]
[GameID "170243"]

1. d4 d5 2. c4 e6 3. Nc3 c5 4. cxd5 exd5 5. Nf3 Nc6 6. g3 Nf6 7. Bg2 Be7 8. O-O O-O 9. Ne5 c4 10. h3 Nxe5
11. a3 Bd7 12. f4 Nc6 13. Qd2 Qb8 14. Nd1 b5 15. Nf2 Re8 16. Ng4 Bxg4 17. hxg4 Nxg4 18. Bf3 Nf6 19. Qc3 b4 20. axb4 Qxb4
21. Qe3 a5 22. g4 Bd6 23. Qd2 Qxd2 24. g5 Ne4 25. f5 Qb4 26. Bh5 Nxg5 27. Bxg5 Rxe2 28. Rab1 Ree8 29. f6 g6 30. Bg4 Nxd4
31. Bh6 Nc2 32. Bf3 Re5 33. Bg4 a4 34. Bh3 a3 35. Bf4 Re1 36. Rfxe1 Nxe1 37. Bh6 a2 38. Bd7 Nf3+ 39. Kg2 g5 40. Kxf3 axb1=Q
41. Kg4 Q1xb2 42. Kxg5 c3
0-1

[Event "Prague spring tournament"]
[Site "SchemingMind.com"]
[Date "2008.09.08"]
[Round "-"]
[White "lame wolf"]
[Black "Jochen"]
[Result "1-0"]
[WhiteCountry "INT"]
[BlackCountry "GBR"]
[WhiteElo "1006"]
[WhiteRD "50"]
[BlackElo "1102"]
[BlackRD "70"]
[GameID "170249"]

1. d4 d5 2. c4 e6 3. Nc3 c5 4. cxd5 exd5 5. Nf3 Nc6 6. g3 Nf6 7. Bg2 Be7 8. O-O O-O 9. a3 Na5 10. e3 Ne4
11. Nxe4 Nc4 12. Nc3 Bf6 13. dxc5 Ne5 14. e4 a6 15. Nxe5 Qe7 16. Qxd5 Bxe5 17. Bf4 Bf6 18. Rfe1 h6 19. Qd6 Qxd6 20. cxd6 Re8
21. Nd5 Bd8 22. b4 Bd7 23. Be3 Bb5 24. Bb6 Bc4 25. a4 f6 26. Bxd8 Rexd8 27. Nb6 Rac8 28. Nxc8 Rxc8 29. b5 a5 30. d7 Rd8
31. Red1 Be6 32. Rd6 Bg4 33. h3 Be2 34. f3 h5 35. Kf2 Bc4 36. f4 Kf7 37. Rc1 Bb3 38. Rc8 Rxc8 39. dxc8=Q Kg6 40. f5+ Kh6
41. Qh8+ Kg5 42. Qxg7#
1-0

[Event "Prague spring tournament"]
[Site "SchemingMind.com"]
[Date "2008.09.20"]
[Round "-"]
[White "loco61"]
[Black "z"]
[Result "0-1"]
[WhiteCountry "ENG"]
[BlackCountry "IRQ"]
[WhiteElo "1673"]
[WhiteRD "67"]
[BlackElo "1754"]
[BlackRD "60"]
[GameID "171908"]

1. d4 d5 2. c4 e6 3. Nc3 c5 4. cxd5 exd5 5. Nf3 Nc6 6. g3 Nf6 7. Bg2 Be7 8. O-O O-O 9. Bf4 a6 10. e3 h6
11. h4 Bg4 12. Qd2 c4 13. Nh2 Bf5 14. f3 Bd3 15. Rfe1 Nh5 16. Qf2 Nxf4 17. exf4 f5 18. Rad1 Bf6 19. Re5 Bxe5 20. fxe5 Qb6
21. f4 Qxd4 22. Qxd4 Nxd4 23. Bxd5+ Kh7 24. Nf3 Nxf3+ 25. Bxf3 Rab8 26. Ne2 b5 27. Nd4 Rb6 28. Kf2 a5 29. Re1 b4 30. e6 Re8
31. e7 Kg6 32. Bc6 Rxc6 33. Nxc6 Be4 34. Nxa5 c3 35. bxc3 bxc3 36. Nb3 Rxe7 37. Rc1 c2 38. Nd4 Ra7 39. Ra1 Rxa2 40. Nxc2 Rxc2+
41. Kf1 Kh5 42. Ra7 g6 43. Ke1 Rg2 44. Ra3 Kg4 45. Ra6 g5 46. Rxh6 gxf4 47. Rg6+ Kf3 48. h5 fxg3 49. h6 f4 50. h7 Rh2
0-1

[Event "Prague spring tournament"]
[Site "SchemingMind.com"]
[Date "2008.09.21"]
[Round "-"]
[White "sansubari"]
[Black "Raimondi"]
[Result "1/2-1/2"]
[WhiteCountry "MAS"]
[BlackCountry "PER"]
[WhiteElo "1641"]
[WhiteRD "85"]
[BlackElo "1716"]
[BlackRD "68"]
[GameID "171909"]

1. d4 d5 2. c4 e6 3. Nc3 c5 4. cxd5 exd5 5. Nf3 Nc6 6. g3 Nf6 7. Bg2 Be7 8. O-O O-O 9. dxc5 Bxc5 10. Na4 Bb6
11. Bg5 d4 12. Nxb6 axb6 13. Qb3 Be6 14. Bxf6 Qxf6 15. Qxb6 Rfb8 16. Qc5 Rxa2 17. Rxa2 Bxa2 18. Nd2 Rc8 19. Ne4 Qe7 20. Rc1 Be6
21. b4 Qxc5 22. Rxc5 Nxb4 23. Rxc8+ Bxc8 24. Nd6 Bg4 25. f3 Be6 26. Nxb7 Kf8 27. Nc5 Bc4 28. Kf2 Ke7 29. f4 d3 30. exd3 Nxd3+
31. Nxd3 Bxd3 32. g4 h6 33. h4 f6 34. h5 Kd6 35. Ke3 Bb1 36. Be4 Ba2 37. Bd3 Bd5= 38. Be4 Be6= 39. Bf3 Kc5= 40. Be2 Bd5
41. Bd3=
1/2-1/2

[Event "Prague spring tournament"]
[Site "SchemingMind.com"]
[Date "2008.09.20"]
[Round "-"]
[White "z"]
[Black "loco61"]
[Result "1-0"]
[WhiteCountry "IRQ"]
[BlackCountry "ENG"]
[WhiteElo "1754"]
[WhiteRD "60"]
[BlackElo "1673"]
[BlackRD "67"]
[GameID "171915"]

1. d4 d5 2. c4 e6 3. Nc3 c5 4. cxd5 exd5 5. Nf3 Nc6 6. g3 Nf6 7. Bg2 Be7 8. O-O O-O 9. Be3 cxd4 10. Nxd4 Be6
11. Qd2 Bb4 12. Rac1 Rc8 13. Qd3 Qd7 14. Rfd1 Rfd8 15. a3 Ba5 16. b4 Nxb4 17. axb4 Bxb4 18. Nb3 Bxc3 19. Rxc3 b6 20. Nd4 Rxc3
21. Qxc3 Rc8 22. Qd2 Ne4 23. Bxe4 dxe4 24. Nxe6 Qxd2 25. Rxd2 fxe6 26. Rd7 Ra8 27. Re7 h6 28. Rxe6 b5 29. Ra6 b4 30. Rxa7 Rxa7
31. Bxa7 Kf7 32. Kf1 b3 33. Bd4 Ke6 34. Bxg7 Kd5 35. Ke1 Kc4 36. Kd1 h5 37. Kc1 Kb4 38. Kb2 Kc4 39. Bc3
1-0

[Event "Prague spring tournament"]
[Site "SchemingMind.com"]
[Date "2008.09.22"]
[Round "-"]
[White "Raimondi"]
[Black "sansubari"]
[Result "1-0"]
[WhiteCountry "PER"]
[BlackCountry "MAS"]
[WhiteElo "1698"]
[WhiteRD "65"]
[BlackElo "1595"]
[BlackRD "80"]
[GameID "171916"]

1. d4 d5 2. c4 e6 3. Nc3 c5 4. cxd5 exd5 5. Nf3 Nc6 6. g3 Nf6 7. Bg2 Be7 8. O-O O-O 9. Bg5 h6 10. Bxf6 Bxf6
11. e3 cxd4 12. Nxd4 Be6 13. Rc1 Nxd4 14. exd4 Rc8 15. Qd3 a6 16. Ne2 Qd7 17. Nf4 Bf5 18. Qb3 Be4 19. Nxd5 Bxg2 20. Nxf6+ gxf6
21. Kxg2 Qxd4 22. Qxb7 Rxc1 23. Rxc1 h5 24. Qxa6 Qxb2 25. Qc4 Qb7+ 26. Qc6 Qxc6+ 27. Rxc6 Kg7 28. a4 Ra8 29. Rc4 Ra5 30. Rb4 Kg6
31. Kh3 f5 32. Kh4 f6 33. Kh3 Kg5 34. Kg2 Kg6= 35. f4 Kh6 36. Kf3 Kg6 37. h4 Kh6 38. Ke3 Kg7 39. Kd4 Kf7 40. Kc4 Ke7
41. Rb7+ Kd6 42. Kb4 Rd5 43. Rb6+ Ke7 44. Kc4 Ra5= 45. Kb4 Rd5= 46. Rc6 Rd3 47. Rc3 Rd4+ 48. Kb5 Rd5+ 49. Kc4 Kd6 50. Ra3 Kc6
51. a5 Rc5+ 52. Kd3 Kb7 53. a6+ Ka7 54. Kd4 Rc6 55. Kd5 Rb6 56. Rc3 Rxa6 57. Rc6 Ra4 58. Rxf6 Ra3 59. Rg6
1-0

[Event "Prague spring tournament"]
[Site "SchemingMind.com"]
[Date "2008.09.26"]
[Round "-"]
[White "keen"]
[Black "David Hartley"]
[Result "0-1"]
[WhiteCountry "SCO"]
[BlackCountry "ENG"]
[WhiteElo "1740"]
[WhiteRD "57"]
[BlackElo "1836"]
[BlackRD "66"]
[GameID "172205"]

1. d4 d5 2. c4 e6 3. Nc3 c5 4. cxd5 exd5 5. Nf3 Nc6 6. g3 Nf6 7. Bg2 Be7 8. O-O O-O 9. e3 b6 10. dxc5 bxc5
11. Bd2 Rb8 12. b3 d4 13. exd4 cxd4 14. Na4 Bf5 15. Nh4 Be4 16. Bxe4 Nxe4 17. Bf4 Rb7 18. Nf5 Bf6 19. Rc1 Qd7 20. g4 Rb5
21. f3 Ng5 22. Nc5 Qd8 23. Nd3 Nb4 24. Nxb4 Rxb4 25. Bd6 Qb6 26. Bxf8 Kxf8 27. Rc8+ Bd8 28. Kg2 g6 29. Ne3 Ne6 30. Nd5 Qb7
31. Rxd8+ Nxd8 32. Nxb4 Qxb4 33. Re1 Ne6 34. Qc1 Qd6 35. Re4 d3 36. Qd2 g5 37. h4 h6 38. hxg5 hxg5 39. Rc4 Nf4+ 40. Kf1 Qd5
41. Rc8+ Ke7 42. Qb4+ Kd7 43. Qa4+ Kxc8 44. Qe8+ Kc7 45. Qe7+ Kc6 46. Qe8+ Kc5 47. Qc8+ Kd4 48. Qh8+ Ke3 49. Qe8+ Kxf3 50. Qe1 Kxg4
0-1

[Event "Prague spring tournament"]
[Site "SchemingMind.com"]
[Date "2008.09.22"]
[Round "-"]
[White "lucho-sc"]
[Black "Clive Everill"]
[Result "0-1"]
[WhiteCountry "URU"]
[BlackCountry "CZE"]
[WhiteElo "1114"]
[WhiteRD "95"]
[BlackElo "1686"]
[BlackRD "47"]
[GameID "172206"]

1. d4 d5 2. c4 e6 3. Nc3 c5 4. cxd5 exd5 5. Nf3 Nc6 6. g3 Nf6 7. Bg2 Be7 8. O-O O-O 9. Bf4 Re8 10. Rc1 Bf5
11. e3 c4 12. Ne5 Nxe5 13. Bxe5 Ne4 14. Rb1 Nxc3 15. Qf3 Be4 16. Qg4 f6 17. Rbc1 Nxa2 18. Ra1 fxe5 19. Rxa2 Bxg2 20. Kxg2 exd4
21. exd4 Bf6 22. Ra3 Re4 23. Qf5 Bxd4 24. f3 Re2+ 25. Kh3 Qc8 26. Qxc8+ Rxc8 27. Rxa7 Bxa7
0-1

[Event "Prague spring tournament"]
[Site "SchemingMind.com"]
[Date "2008.09.26"]
[Round "-"]
[White "David Hartley"]
[Black "keen"]
[Result "0-1"]
[WhiteCountry "ENG"]
[BlackCountry "SCO"]
[WhiteElo "1836"]
[WhiteRD "66"]
[BlackElo "1740"]
[BlackRD "57"]
[GameID "172220"]

1. d4 d5 2. c4 e6 3. Nc3 c5 4. cxd5 exd5 5. Nf3 Nc6 6. g3 Nf6 7. Bg2 Be7 8. O-O O-O 9. Be3 b6 10. Rc1 Be6
11. b3 Rc8 12. dxc5 bxc5 13. Na4 c4 14. bxc4 dxc4 15. Nd2 a5 16. Rc2 Nb4 17. Rc1 Nxa2 18. Rc2 Nb4 19. Rc3 Nfd5 20. Bxd5 Nxd5
21. Rc2 Bh3 22. Re1 Nxe3 23. fxe3 Bg5 24. Nxc4 Qe7 25. Rf1 Qe4
0-1

[Event "Prague spring tournament"]
[Site "SchemingMind.com"]
[Date "2008.09.23"]
[Round "-"]
[White "Clive Everill"]
[Black "lucho-sc"]
[Result "1-0"]
[WhiteCountry "CZE"]
[BlackCountry "URU"]
[WhiteElo "1686"]
[WhiteRD "47"]
[BlackElo "1114"]
[BlackRD "95"]
[GameID "172221"]

1. d4 d5 2. c4 e6 3. Nc3 c5 4. cxd5 exd5 5. Nf3 Nc6 6. g3 Nf6 7. Bg2 Be7 8. O-O O-O 9. Re1 Bf5 10. Bg5 Ne4
11. Bxe7 Qxe7 12. Nxd5 Qe6 13. Nc7 Qd6 14. Nxa8 Rxa8 15. Qa4 Re8 16. Rad1 Rc8 17. dxc5 Qe6 18. Nd4 Nxd4 19. Rxd4 Rxc5 20. Bxe4 Bg4
21. Rd8+
1-0

[Event "Prague spring tournament"]
[Site "SchemingMind.com"]
[Date "2008.09.28"]
[Round "-"]
[White "lame wolf"]
[Black "Archon"]
[Result "0-1"]
[WhiteCountry "INT"]
[BlackCountry "CAN"]
[WhiteElo "1029"]
[WhiteRD "58"]
[BlackElo "1718"]
[BlackRD "54"]
[GameID "172818"]

1. d4 d5 2. c4 e6 3. Nc3 c5 4. cxd5 exd5 5. Nf3 Nc6 6. g3 Nf6 7. Bg2 Be7 8. O-O O-O 9. Ne5 Nxd4 10. Bxd5 Nxe2+
11. Qxe2 Nxd5 12. Nxd5 Qxd5 13. Bf4 b6 14. Qc4 Qxc4 15. Nxc4 Bb7 16. Rfe1 Rfe8 17. Rad1 Bf3 18. Rd7 Bf6 19. Ne3 Bxb2 20. h3 Bd4
21. Bc7 g6 22. Kf1 Bc6 23. Rd6 Bb5+
0-1

[Event "Prague spring tournament"]
[Site "SchemingMind.com"]
[Date "2008.09.28"]
[Round "-"]
[White "Archon"]
[Black "lame wolf"]
[Result "1-0"]
[WhiteCountry "CAN"]
[BlackCountry "INT"]
[WhiteElo "1718"]
[WhiteRD "54"]
[BlackElo "1029"]
[BlackRD "58"]
[GameID "172830"]

1. d4 d5 2. c4 e6 3. Nc3 c5 4. cxd5 exd5 5. Nf3 Nc6 6. g3 Nf6 7. Bg2 Be7 8. O-O O-O 9. Bg5 Be6 10. dxc5 Bxc5
11. Bxf6 Qxf6 12. e3 a6 13. Rc1 b5 14. a3 Rad8 15. b4 Bb6 16. Qc2 d4 17. exd4 Bxd4 18. Nxd4 Nxd4 19. Qe4 Nf5 20. Qf3 Rd4
21. Ne4 Qe5 22. Nc5 Bd5 23. Qc3 Qe2 24. Qxd4 Nxd4 25. Bxd5 Qb2 26. Nd7 Rd8 27. Rc7 Qxa3 28. Rd1 Nf3+ 29. Kg2 Ng5 30. Ne5 Qxb4
31. h4 Ne4 32. Bxf7+ Kh8 33. Rxd8+
1-0

[Event "Prague spring tournament"]
[Site "SchemingMind.com"]
[Date "2008.10.01"]
[Round "-"]
[White "Peneano"]
[Black "Clive Everill"]
[Result "1-0"]
[WhiteCountry "ARG"]
[BlackCountry "CZE"]
[WhiteElo "1758"]
[WhiteRD "82"]
[BlackElo "1683"]
[BlackRD "47"]
[GameID "173196"]

1. d4 d5 2. c4 e6 3. Nc3 c5 4. cxd5 exd5 5. Nf3 Nc6 6. g3 Nf6 7. Bg2 Be7 8. O-O O-O 9. Bg5 Ne4 10. Bxe7 Nxe7
11. dxc5 Nxc5 12. Nd4 Ne6 13. Nxe6 fxe6 14. e3 a6 15. Ne2 b5 16. Nf4 Qb6 17. Qc2 Bd7 18. Qe2 Rac8 19. Rfc1 Rc6 20. Nd3 Rfc8
21. Qd2 Qb8 22. Nb4 Rb6 23. Rxc8+ Bxc8 24. e4 a5 25. Nc2 b4 26. exd5 exd5 27. Bxd5+ Nxd5 28. Qxd5+ Be6 29. Qxa5 Qb7 30. Rd1 Bh3
31. Rd8+ Kf7 32. Ne3 Be6 33. Qh5+ Ke7 34. Qe8+ Kf6 35. Qh5 Rc6 36. Qf3+ Ke5 37. Qf4#
1-0

[Event "Prague spring tournament"]
[Site "SchemingMind.com"]
[Date "2008.10.01"]
[Round "-"]
[White "Clive Everill"]
[Black "Peneano"]
[Result "0-1"]
[WhiteCountry "CZE"]
[BlackCountry "ARG"]
[WhiteElo "1683"]
[WhiteRD "47"]
[BlackElo "1758"]
[BlackRD "82"]
[GameID "173204"]

1. d4 d5 2. c4 e6 3. Nc3 c5 4. cxd5 exd5 5. Nf3 Nc6 6. g3 Nf6 7. Bg2 Be7 8. O-O O-O 9. Bg5 Be6 10. dxc5 Bxc5
11. Rc1 Be7 12. e3 h6 13. Bxf6 Bxf6 14. Re1 d4 15. exd4 Nxd4 16. Nxd4 Bxd4 17. Bxb7 Bxf2+ 18. Kxf2 Qb6+ 19. Re3 Qxb7 20. b3 Rad8
21. Qe1 Bh3 22. Ne4 f5 23. Qh1 fxe4+ 24. Ke1 Rf1+
0-1

[Event "Prague spring tournament"]
[Site "SchemingMind.com"]
[Date "2008.11.02"]
[Round "-"]
[White "Raimondi"]
[Black "Schaakmaatje"]
[Result "1/2-1/2"]
[WhiteCountry "PER"]
[BlackCountry "NED"]
[WhiteElo "1698"]
[WhiteRD "65"]
[BlackElo "1804"]
[BlackRD "46"]
[GameID "177337"]

1. d4 d5 2. c4 e6 3. Nc3 c5 4. cxd5 exd5 5. Nf3 Nc6 6. g3 Nf6 7. Bg2 Be7 8. O-O O-O 9. Bg5 cxd4 10. Nxd4 Be6
11. Rc1 Rc8 12. e3 Nxd4 13. Qxd4 a6 14. a3 Rc4 15. Qd2 Ne4 16. Nxe4 dxe4 17. Qxd8 Bxd8 18. Bxd8 Rxd8 19. Rxc4 Bxc4 20. Rc1 Bd3
21. Bf1 h6 22. Rd1 b5 23. Bxd3 exd3 24. Rd2 f5 25. f3 Kf7 26. Kf2 Ke6 27. e4 Ke5 28. Ke3 fxe4 29. fxe4 Rd4 30. Rxd3 Rxe4+
31. Kf3 g5=
1/2-1/2

[Event "Prague spring tournament"]
[Site "SchemingMind.com"]
[Date "2008.11.02"]
[Round "-"]
[White "Schaakmaatje"]
[Black "Raimondi"]
[Result "1-0"]
[WhiteCountry "NED"]
[BlackCountry "PER"]
[WhiteElo "1804"]
[WhiteRD "46"]
[BlackElo "1698"]
[BlackRD "65"]
[GameID "177349"]

1. d4 d5 2. c4 e6 3. Nc3 c5 4. cxd5 exd5 5. Nf3 Nc6 6. g3 Nf6 7. Bg2 Be7 8. O-O O-O 9. Bg5 cxd4 10. Nxd4 Be6
11. Rc1 Rc8 12. Nxe6 fxe6 13. e3 Ne5 14. Qe2 a6 15. Rfd1 Nfd7 16. Bxe7 Qxe7 17. Rd4 Rf7 18. Rcd1 Nb6 19. Rf4 Ng6 20. Rxf7 Qxf7
21. Rd4 Ne5 22. Rf4 Qg6 23. h4 Rf8 24. Rxf8+ Kxf8 25. f4 Nec4 26. Qf2 Nd7 27. e4 Ndb6 28. b3
1-0

[Event "Prague spring tournament"]
[Site "SchemingMind.com"]
[Date "2008.11.26"]
[Round "-"]
[White "Schaakmaatje"]
[Black "z"]
[Result "0-1"]
[WhiteCountry "NED"]
[BlackCountry "IRQ"]
[WhiteElo "1779"]
[WhiteRD "55"]
[BlackElo "1878"]
[BlackRD "66"]
[GameID "180204"]

1. d4 d5 2. c4 e6 3. Nc3 c5 4. cxd5 exd5 5. Nf3 Nc6 6. g3 Nf6 7. Bg2 Be7 8. O-O O-O 9. Bg5 c4 10. Ne5 Be6
11. f4 Qc8 12. f5 Bxf5 13. Bxf6 Bxf6 14. Nxd5 Bd8 15. Nxc6 bxc6 16. Nc3 Rb8 17. e4 Bg6 18. Qd2 Qg4 19. Rae1 Bg5 20. Qe2 Qd7
21. Rd1 Qb7 22. Rf2 Qb6 23. h4 Bf6 24. Rxf6 gxf6 25. Na4 Qb5 26. Nc5 Qxb2 27. Qg4 Rfd8 28. h5 Rxd4 29. hxg6 Rxd1+ 30. Qxd1 hxg6
31. Nd7 Qb1 32. Nxf6+ Kg7
0-1

[Event "Prague spring tournament"]
[Site "SchemingMind.com"]
[Date "2008.11.25"]
[Round "-"]
[White "z"]
[Black "Schaakmaatje"]
[Result "1-0"]
[WhiteCountry "IRQ"]
[BlackCountry "NED"]
[WhiteElo "1833"]
[WhiteRD "62"]
[BlackElo "1767"]
[BlackRD "51"]
[GameID "180212"]

1. d4 d5 2. c4 e6 3. Nc3 c5 4. cxd5 exd5 5. Nf3 Nc6 6. g3 Nf6 7. Bg2 Be7 8. O-O O-O 9. Bg5 cxd4 10. Nxd4 Be6
11. e3 h6 12. Bxf6 Bxf6 13. Qd2 Rc8 14. Rad1 Nxd4 15. exd4 Qa5 16. Nxd5 Qd8 17. Nxf6+ Qxf6 18. Bxb7 Rc7 19. Be4 Bxa2 20. Qa5 Qe7
21. Rfe1 Be6 22. d5 f5 23. d6
1-0

[Event "Prague spring tournament"]
[Site "SchemingMind.com"]
[Date "2008.11.25"]
[Round "-"]
[White "Archon"]
[Black "keen"]
[Result "1-0"]
[WhiteCountry "CAN"]
[BlackCountry "SCO"]
[WhiteElo "1693"]
[WhiteRD "57"]
[BlackElo "1694"]
[BlackRD "57"]
[GameID "180361"]

1. d4 d5 2. c4 e6 3. Nc3 c5 4. cxd5 exd5 5. Nf3 Nc6 6. g3 Nf6 7. Bg2 Be7 8. O-O O-O 9. Bg5 b6 10. dxc5 bxc5
11. Rc1 Bb7 12. e3 Rb8 13. b3 d4 14. exd4 cxd4 15. Bxf6 Bxf6 16. Nb1 g6 17. Nbd2 Bg7 18. Ne1 Qd7 19. Nd3 Ba8 20. Nc4 Rfe8
21. a3 h5 22. b4 Bb7 23. Nc5 Qc7 24. Nxb7 Rxb7 25. Na5 Rc8 26. Rxc6 Qd7 27. Rxc8+ Qxc8 28. Nxb7 Kh7 29. Nc5
1-0

[Event "Prague spring tournament"]
[Site "SchemingMind.com"]
[Date "2008.11.25"]
[Round "-"]
[White "keen"]
[Black "Archon"]
[Result "1-0"]
[WhiteCountry "SCO"]
[BlackCountry "CAN"]
[WhiteElo "1694"]
[WhiteRD "57"]
[BlackElo "1693"]
[BlackRD "57"]
[GameID "180371"]

1. d4 d5 2. c4 e6 3. Nc3 c5 4. cxd5 exd5 5. Nf3 Nc6 6. g3 Nf6 7. Bg2 Be7 8. O-O O-O 9. dxc5 Bxc5 10. Bg5 d4
11. Ne4 Be7 12. Nxf6+ Bxf6 13. Bxf6 Qxf6 14. b3 Rd8 15. Qc1 Bg4 16. Qb2 Rac8 17. Rad1 Bxf3 18. Bxf3 h6 19. Bg2 Rd6 20. Bxc6 Rcxc6
21. Rd3 Rc3 22. Rfd1 Rxd3 23. Rxd3 a6 24. Qd2 b5 25. e3 Kf8 26. Rxd4 Qd8 27. Rxd6
1-0

[Event "Prague spring tournament"]
[Site "SchemingMind.com"]
[Date "2009.01.11"]
[Round "-"]
[White "z"]
[Black "Peneano"]
[Result "1-0"]
[WhiteCountry "IRQ"]
[BlackCountry "ARG"]
[WhiteElo "1882"]
[WhiteRD "68"]
[BlackElo "1724"]
[BlackRD "83"]
[GameID "187217"]

1. d4 d5 2. c4 e6 3. Nc3 c5 4. cxd5 exd5 5. Nf3 Nc6 6. g3 Nf6 7. Bg2 Be7 8. O-O O-O 9. Bg5 b6 10. Rc1 Ne4
11. Bxe7 Qxe7 12. dxc5 Nxc5 13. Nxd5 Qd7 14. b4 Ne6 15. Qb3 Ned4 16. Nxd4 Bb7 17. Rfd1 Rac8 18. Nxc6 Bxc6 19. Nf6+ gxf6 20. Rxd7 Bxd7
21. Rxc8 Rxc8 22. Be4 Bh3 23. f4 Rc1+ 24. Kf2 Be6 25. Qf3 f5 26. Bd3 Rc7 27. g4 fxg4 28. Qe4 Kf8 29. Qxh7 Bxa2 30. Bb5 Rc3
31. Qh8+ Ke7 32. Qxc3
1-0

[Event "Prague spring tournament"]
[Site "SchemingMind.com"]
[Date "2009.01.12"]
[Round "-"]
[White "Peneano"]
[Black "z"]
[Result "0-1"]
[WhiteCountry "ARG"]
[BlackCountry "IRQ"]
[WhiteElo "1681"]
[WhiteRD "88"]
[BlackElo "1884"]
[BlackRD "73"]
[GameID "187226"]

1. d4 d5 2. c4 e6 3. Nc3 c5 4. cxd5 exd5 5. Nf3 Nc6 6. g3 Nf6 7. Bg2 Be7 8. O-O O-O 9. dxc5 d4 10. Nb5 Bxc5
11. e3 d3 12. Bd2 a6 13. Nc3 Re8 14. Rc1 Bf5 15. a3 Ba7 16. Qb3 Qd7 17. Ne1 Rad8 18. e4 Nxe4 19. Nxe4 Bxe4 20. Bxe4 Rxe4
21. Nf3 Re2 22. Rcd1 Nd4 23. Nxd4 Bxd4 24. Bc3 b5 25. Rd2 Rxd2 26. Bxd2 Re8 27. Bc3 Re2 28. Qd1 Bxc3 29. bxc3 Qf5 30. h4 Qe4
31. Kh2 Qc4 32. Qa1 Rc2 33. Qe1 Kf8 34. Qe3 Rxc3 35. Re1 g6 36. Qe5 Kg8 37. Qb8+ Kg7 38. Re8 Qd4 39. Qe5+ Qxe5 40. Rxe5 Kf6
41. Rd5 Ke6 42. Rd8 Rxa3 43. Kg2 Rc3 44. Kf1 a5 45. g4 a4 46. Ke1 Ke5 47. Kd2 Rc5 48. Re8+ Kd4
0-1

[Event "Prague spring tournament"]
[Site "SchemingMind.com"]
[Date "2009.04.07"]
[Round "-"]
[White "keen"]
[Black "z"]
[Result "0-1"]
[WhiteCountry "SCO"]
[BlackCountry "IRQ"]
[WhiteElo "1654"]
[WhiteRD "58"]
[BlackElo "1918"]
[BlackRD "76"]
[GameID "199574"]

1. d4 d5 2. c4 e6 3. Nc3 c5 4. cxd5 exd5 5. Nf3 Nc6 6. g3 Nf6 7. Bg2 Be7 8. O-O O-O 9. e3 a6 10. Re1 h6
11. dxc5 Bxc5 12. Bd2 Bg4 13. Qc1 Rc8 14. e4 d4 15. Nd5 Nxd5 16. Qxc5 Nde7 17. Qa3 Qd7 18. Qd3 Rfd8 19. Rac1 Ng6 20. a3 Bxf3
21. Qxf3 Nge5 22. Qh5 Nd3 23. Bh3 Qe7 24. Bxc8 Nxe1 25. Bf5 Nd3 26. Rc2 Nde5 27. Qh3 Nf3+ 28. Kg2 Nxd2 29. Rxd2 Ne5 30. f4 Nc4
31. Rf2 d3 32. e5 Ne3+ 33. Kf3 Nxf5 34. Qxf5 d2
0-1